000 01010nas a2200313 4500
001 BR2012002406
003 BR-BrBNA
005 20231205120424.0
007 ta
008 230509b bl.|||p| |||| 00| 00por d
040 _aBR-BrBNA
_bpor
_cBiblioteca Nacional de Agricultura
041 _a(Pt)
072 _aQ70; T01
100 1 _aSobral, M.F.
100 1 _aNascimento, C.W.A. do
100 1 _aCunha, K.P.V. da
100 1 _aFerreira, H.A.
100 1 _aSilva, A.J.
100 1 _aSilva, F.B.V.
245 1 _aEscória de siderurgia e seus efeitos nos teores de nutrientes e metais pesados em cana-de-açúcar
650 _aACIDEZ DO SOLO
650 _aMICRONUTRIENTE
650 _aRESÍDUO
650 _aCONTAMINAÇÃO
773 0 _tRevista Brasileira de Engenharia Agrícola e Ambiental (Brazil)
_xISSN 1807-1929
_g(Aug 2011), v.15(8) p. 867-872
_wBR2012002406
856 4 0 _uhttp://www.scielo.br/pdf/rbeaa/v15n8/15.pdf
909 _a202311
_bLúcia
_c55
_dLúcia Elande
942 _2AGRIS
_n0
_cANA
999 _c218413
_d218413